000 00555nam a2200181 a 4500
005 20250620063903.0
008 050818s2003 mx 000 0 spa d
020 _a9682468442
035 _aUPN01000140263
049 _aCG
050 4 _aPN1993.5 M6
_bH5.3
100 1 _aHinojosa Córdova, Lucila
245 1 3 _aEl cine mexicano :
_bde lo global a lo local /
_cLucila Hinojosa Córdova.
260 _aMéxico :
_bTrillas :
_bUANL,
_cc2003.
300 _a128 p. :
_bcuadros, gráfs.
650 4 _aCinematografía
_zMéxico
_xHistoria
_98623
905 _aLibro
999 _c112411
_d112411